000 00716nam a2200229 i 4500
001 7597
003 ES-MaACL
005 20230906145254.0
007 t|
008 910306s1990 sp |||| | spa d
020 _a84-86568-33-1
080 _a327(55)
100 1 _aMorales, Gustavo.
_9195487
245 1 0 _aIrán en el mundo
_b: apuntes para una historia internacional del Estado iraní /
_cGustavo Morales.
260 _aMadrid :
_bPrensa y Ediciones Iberoamericanas,
_cD.L. 1990.
300 _a181 p. ;
_c21 cm.
490 1 _aBiblioteca universitaria ;
_v6
651 4 _aIrán-
_xHistoria.
_98851
830 0 _aBiblioteca universitaria ;
_v6
_9177461
852 _aES-MaACL
_jL-14839
999 _c7597
_d7597